000 00339nam a2200157Ia 4500
003 OSt
005 20240404121127.0
008 170523s9999 xx 000 0 und d
020 _aNIL
040 _cIIMTU MEERUT
100 _aSANCHETI- KAPOOR
245 0 _aSTATISTICS
260 _bDELHI SULTAN CHAND
260 _c1995
942 _2ddc
_c02
999 _c249
_d249